000 01354nas a2200313 i 4500
001 189928
003 ES-MaACL
005 20251105125236.0
008 200113c2019 sp m| p | b||pa d
245 0 0 _aTribuna del Ateneo /
_cpresentación, Odilo Domínguez.
260 _a[Madrid :
_bTribuna del Ateneo],
_c2019-
300 _av. :
_bil. ;
_c30 cm.
362 0 _aN. 1, nov. 2019-n. 4, feb. 2020.
505 8 _aContenido destacado: N. 1. El Ateneo de Madrid 200 años después / Ernesto García Camarero . Rasgos de identidad del Ateneo de Madrid / Daniel Pacheco - n. 2. El papel de los ateneos en España / Alejandro Ramón Díez Torre - n. 3. Mujeres hispanoamericanas en la tribuna del Ateneo (cap. I) / Marisol Donis
594 _aTít. tomado de cub.
610 2 4 _aAteneo de Madrid-
_vHistoria
_91925
650 7 _aCultura
_2embne
_9170963
700 1 _aDomínguez, Odilo
_9169381
700 1 _aGarcía Camarero, Ernesto,
_d1932-2022
_954320
700 1 _aPacheco Fernández, Daniel
_988132
700 1 _aDíez Torre, Alejandro R.
_944776
710 2 _91875
_aAteneo de Madrid
_eedt
852 4 _aES-MaACL
_jHem-1988
_9197073
_cHEM
_zDonación Revista Viva
866 0 _o2019-2020
_zNº5 Ultimo 2020
903 _9169381
_aDomínguez, Odilo
_ednr
942 _2udc
_cPERIODICA
999 _c189928
_d189928